000 01911cam a2200145 4500500
005 20260405032212.0
041 _afre
042 _adc
100 1 0 _aCosandey, Claude
_eauthor
700 1 0 _aRobinson, Mark
_eauthor
245 0 0 _aHydrologie continentale
260 _bArmand Colin,
_c2012.
520 _aAu cœur des problématiques environnementales, l’eau est une ressource parfois très rare dont les besoins sont en constante augmentation face à l’accroissement de la population mondiale et de son niveau de vie. Comment prévoir la surabondance de l’eau en période de crues ou d’inondations ? Crues rapides comme celles qui résultent de deux ou trois jours d’averses cévenoles, ou crues lentes résultant d’une année ou plus de précipitations plus abondantes que d’ordinaire dans le cas de la Somme ou de la Seine ? Comment assurer la qualité de l’eau potable et minimiser les risques de pollution des nappes sans connaître les processus d’infiltration de l’eau dans le sol ? Comment estimer les effets d’un reboisement sur les ressources en eau si l’on ne tient pas compte des processus d’interception de l’eau par la végétation ? Fondé sur une approche essentiellement naturaliste, ce manuel permet de comprendre et de quantifier le cheminement de l’eau, de son apport au sol sous forme de précipitations à son retour dans l’atmosphère à l’état gazeux par le processus d’évaporation. Cette connaissance indispensable permet de prévenir et de gérer les risques pouvant résulter des aménagements humains. Cet ouvrage de référence, qui porte principalement sur les milieux tempérés, est destiné aux étudiants de géographie et de géologie de surface, et plus largement à l’ensemble des acteurs de l’environnement.
856 4 1 _uhttps://shs.cairn.info/hydrologie-continentale--9782200246174?lang=fr&redirect-ssocas=7080
999 _c2152979
_d2152979